La máquina pensante / (Registro nro. 11667)

Detalles MARC
000 -LEADER
fixed length control field 00980nam a22003017a 4500
001 - CONTROL NUMBER
control field 000592
003 - CONTROL NUMBER IDENTIFIER
control field DO-SdBNP
005 - DATE AND TIME OF LATEST TRANSACTION
control field 20180131111749.0
007 - PHYSICAL DESCRIPTION FIXED FIELD--GENERAL INFORMATION
fixed length control field 000592
008 - FIXED-LENGTH DATA ELEMENTS--GENERAL INFORMATION
fixed length control field 161025b 1997 sp a ||||| |||| 00| 0 spa d
020 ## - INTERNATIONAL STANDARD BOOK NUMBER
International Standard Book Number 8421611216
040 ## - CATALOGING SOURCE
Original cataloging agency BPMSU
Language of cataloging spa
Transcribing agency BPMSU
100 1# - MAIN ENTRY--PERSONAL NAME
Personal name Futrelle, Jacques,
Dates associated with a name 1875-1912.
245 10 - TITLE STATEMENT
Title La máquina pensante /
Statement of responsibility, etc. Jacques Futrelle ; ilustración, Javier Zabala ; comentario del texto, Juan Santisteban ; traducción-adaptación Juan Santisteban.
250 ## - EDITION STATEMENT
Edition statement 9ª ed.
260 ## - PUBLICATION, DISTRIBUTION, ETC. (IMPRINT)
Place of publication, distribution, etc. Madrid :
Name of publisher, distributor, etc. Bruño,
Date of publication, distribution, etc. 1997.
300 ## - PHYSICAL DESCRIPTION
Extent 185 p. :
Other physical details il. ;
Dimensions 20 cm.
490 1# - SERIES STATEMENT
Series statement Altamar
Volume/sequential designation 25
500 ## - GENERAL NOTE
General note Incluye datos biográficos del autor.
650 ## - SUBJECT ADDED ENTRY--TOPICAL TERM
Topical term or geographic name as entry element Novela policíaca.
650 ## - SUBJECT ADDED ENTRY--TOPICAL TERM
Topical term or geographic name as entry element Literatura juvenil.
700 12 - ADDED ENTRY--PERSONAL NAME
Personal name Santisteban, Juan,
Relator code tr.
700 12 - ADDED ENTRY--PERSONAL NAME
Personal name Zabala, Javier,
Relator term il.
830 #0 - SERIES ADDED ENTRY--UNIFORM TITLE
Uniform title Altamar ;
Volume number/sequential designation 25
942 ## - ADDED ENTRY ELEMENTS (KOHA)
Source of classification or shelving scheme Dewey Decimal Classification
Koha item type Libros
945 ## - LOCAL PROCESSING INFORMATION (OCLC)
a Inventariado, 2018 /LP
956 ## - LOCAL ELECTRONIC LOCATION AND ACCESS (OCLC)
Access method LOPEREZ
Materials specified 10
Linkage 20161025
Field link and sequence number BPMSU
Host name 00041
Existencias
Withdrawn status Lost status Source of classification or shelving scheme Damaged status Not for loan Collection code Home library Current library Date acquired Source of acquisition Total Checkouts Barcode Date last seen Price effective from Koha item type
    Dewey Decimal Classification     Colección Juvenil General Biblioteca Pública Metropolitana Salomé Ureña Biblioteca Pública Metropolitana Salomé Ureña 10/25/2016 FUNDI   BPMSU16100351 10/25/2016 10/25/2016 Libros